00288nam a2200121Ia 4500008004100000100001800041245003700059260002800096300000800124650001000132942000700142999001700149190216s9999||||xx |||||||||||||| ||und|| aDr.K.G.Jangit 0aHindi-Paryavaran Adhyan Sikshana bTharuna Prakashanc2011 a188 aHindi cBK c16811d16811